000 00720nam a22001937a 4500
999 _c19273
_d19273
003 AR-CdUCM
008 190517b ||||| |||| 00| 0 spa d
040 _aMUNICIPALIDAD PROVINCIAL DEL CUSCO
_cBIBLIOTECA MUNICIPAL DEL CUSCO
082 _a982 /
_bA44
100 _aAlvarez, Juan
_940519
245 _aEstudio sobre las Guerras Civiles Argentinas /
260 _aBuenos Aires :
_bCirculo Militar,
_c1938.
300 _a132 páginas ;
_c21 cm.
505 _aEl problema geográfico -- Dificultad de conciliar los intereses de las regiones -- Insuficiencia de la forma económica adoptada por el equilibrio interno...
650 _aArgentina.
_9511
650 _aHistoria.
_9136
942 _2ddc
_cLIBROS
945 _awfj